000 01009nam a22002897a 4500
001 2826
003 FISKH
005 20250617161736.0
008 240116b cb ||||| |||| 00| 0 eng d
020 _a9780545328159
040 _aFISKH
_beng
_cFISKH
_dFISKH
050 _aPZ7.M33
082 _a741.5973
100 _aMack, Stan
245 _aRoad to revolution! /
_cStan Mack and Susan Champlin
260 _aNew York :
_bScholastic,
_c2009
300 _a121 pages :
_bcolor illustrations ;
_c23 cm
505 _aH
520 _aIn 1775, Penny and her friend Nick, a homeless orphan, find themselves amidst the conflict in Massachusetts as the colonists prepare to revolt against the British military.
521 8 _a430
_bLexile
521 8 _aH
_bRaz-Plus
650 _aGraphic Novel
_vJuvenile Literature
650 _aHistorical Fiction
_vJuvenile Literature
650 _aRevolutionary Era
_vJuvenile Literature
700 _aChamplin, Susan
_eAuthor
942 _2ddc
_cBK
_n0
999 _c2826
_d2826